000 00656nam a2200277Ia 4500
005 20260324143205.0
008 008 260324s9999 xx 000 0 eng d
020 _a9781315803654
037 _aEBOOK
040 _aCRL
040 _beng
040 _cCRL
041 _2eng
041 _aeng
084 _qCRL
100 _aJeffrey K. Zeig
_9822238
245 4 _aThe Evolution Of Psychotherapy: The Second Conference
260 _bTaylor and Francis
260 _c1992
365 _a
365 _b195
856 _uhttp://www.taylorfrancis.com/books/9781315803654
942 _cEBOOK
999 _c1819831
_d1819831